LEADER 01926nam 2200445zu 450 001 996691899103316 005 20251203105546.0 010 $a3-11-147708-8 035 $a(CKB)40899405100041 035 $a(MiAaPQ)EBC32437303 035 $a(Au-PeEL)EBL32437303 035 $a(OCoLC)1568058588 035 $a(EXLCZ)9940899405100041 100 $a20250909h20252026 uy 0 101 0 $aeng 135 $aur||||||||||| 181 $ctxt$2rdacontent 182 $cc$2rdamedia 183 $acr$2rdacarrier 200 04$aThe Grammar of Impoliteness /$fedited by Daniel Van Olmen, Marta Andersson, Jonathan Culpeper and Riccardo Giomi 205 $a1st ed. 210 1$aBerlin :$cDe Gruyter,$d2025. 210 3$dİ2026 215 $a1 online resource 225 0 $aTrends in Linguistics. Studies and Monographs ;$v392 311 08$a3-11-147527-1 330 $aThe dominant view in linguistics nowadays is that impoliteness is purely a matter of situational assessments by speech participants. This volume challenges that orthodoxy. Bringing together studies on structures that convey insults, threats and more in a wide range of languages, it shows that there is, in fact, a formal side to impoliteness. The volume reveals shared features of and sources for grammatical expressions of impoliteness, explores ways in which their impolite character can be established and offers new insights into their diachrony. 410 0$aTrends in Linguistics. Studies and Monographs [TiLSM] Series 606 $aPoliteness (Linguistics)$3(DLC) sh2005002967 615 0$aPoliteness (Linguistics) 676 $a306.44 702 $aVan Olmen$b Danie?l$4edt 702 $aAndersson$b Marta$4edt 702 $aCulpeper$b Jonathan$f1966-$4edt 702 $aGiomi$b Riccardo$4edt 801 2$bBeLU 906 $aBOOK 912 $a996691899103316 996 $aThe Grammar of Impoliteness$94466358 997 $aUNISA